000 00756nam a22002177a 4500
999 _c20826
_d20826
003 AR-CdUCM
008 190507b ||||| |||| 00| 0 spa d
040 _aMUNICIPALIDAD PROVINCIAL DEL CUSCO
_cBIBLIOTECA MUNICIPAL DEL CUSCO
082 _a804.6 /
_bA27
100 _aAgosti, Héctor Pablo
_937062
245 _aDefensa del realismo /
260 _aArgentina :
_bQuetzal,
_c1955.
300 _a172 paginas ;
_c20 cm.
505 _aContenido :Defensa del realismo --La encrucijada del surrealismo --Las maneras de la critica --Los problemas de la novela ...
650 _aLiteratura moderna
_99575
650 _aEnsayos, conferencias
_91255
650 _aRealismo
_9520
650 _aSiglo XX
_98
942 _2ddc
_cLIBROS
945 _aJavier
_d2019-05-07